<?xml version='1.0' encoding='UTF-8'?>
  <record xmlns="http://www.loc.gov/MARC21/slim">
    <leader>00000cam a22000007i 4500</leader>
    <controlfield tag="001">ocm68601722</controlfield>
    <controlfield tag="003">OCoLC</controlfield>
    <controlfield tag="005">20240805133139.0</controlfield>
    <controlfield tag="008">970318s1737    ne            000 0 dut d</controlfield>
    <datafield tag="040" ind1=" " ind2=" ">
      <subfield code="a">NLGGC</subfield>
      <subfield code="b">dut</subfield>
      <subfield code="e">fobidrtb</subfield>
      <subfield code="c">NLGGC</subfield>
      <subfield code="d">OCLCL</subfield>
      <subfield code="d">OCLCQ</subfield>
    </datafield>
    <datafield tag="029" ind1="0" ind2=" ">
      <subfield code="a">NLGGC</subfield>
      <subfield code="b">15666156X</subfield>
    </datafield>
    <datafield tag="035" ind1=" " ind2=" ">
      <subfield code="a">(OCoLC)68601722</subfield>
    </datafield>
    <datafield tag="100" ind1="1" ind2=" ">
      <subfield code="a">Perrier, François,</subfield>
      <subfield code="d">1584/90-1650/57.</subfield>
      <subfield code="0">(NL-LeOCL)146050533</subfield>
    </datafield>
    <datafield tag="245" ind1="1" ind2="0">
      <subfield code="a">Kunstkabinet, besluitende hondert der allerberoemste antique stantbeelden staende binnen Rome /</subfield>
      <subfield code="c">door den vermaerden en kunstryken François Perrier ... afgeteekend, Dienende tot een vervolgh op de Beschryving van het oude en nieuwe Rome van den heer Franç̤ois Desseine, ende ... in het koper gebraght door de twee Cornelissen van Dalen ; hier by komt eene uitvoerige beschryving ..</subfield>
    </datafield>
    <datafield tag="246" ind1="3" ind2=" ">
      <subfield code="a">Eigentlyke afbeeldinge, van hondert der aldervermaerdste statuen</subfield>
    </datafield>
    <datafield tag="260" ind1=" " ind2=" ">
      <subfield code="a">In 's Gravenhage :</subfield>
      <subfield code="b">by bernardus van der Cloese, boekverkooper #in de Waegstraet#,</subfield>
      <subfield code="c">1737.</subfield>
    </datafield>
    <datafield tag="300" ind1=" " ind2=" ">
      <subfield code="a">[6], 54, [2] p, 100 fol. :</subfield>
      <subfield code="b">ill. ;</subfield>
      <subfield code="c">in-2.</subfield>
    </datafield>
    <datafield tag="336" ind1=" " ind2=" ">
      <subfield code="a">tekst</subfield>
      <subfield code="b">txt</subfield>
      <subfield code="2">rdacontent/dut</subfield>
    </datafield>
    <datafield tag="337" ind1=" " ind2=" ">
      <subfield code="a">zonder medium</subfield>
      <subfield code="b">n</subfield>
      <subfield code="2">rdamedia/dut</subfield>
    </datafield>
    <datafield tag="338" ind1=" " ind2=" ">
      <subfield code="a">band</subfield>
      <subfield code="b">nc</subfield>
      <subfield code="2">rdacarrier/dut</subfield>
    </datafield>
    <datafield tag="500" ind1=" " ind2=" ">
      <subfield code="a">Gegraveerde titelblad: Eigentlyke afbeeldinge, van hondert der aldervermaerdtste statuen ..</subfield>
    </datafield>
    <datafield tag="530" ind1=" " ind2=" ">
      <subfield code="a">Titel is gedigitaliseerd voor de Koninklijke Bibliotheek in het kader van het Google Books-project.</subfield>
    </datafield>
    <datafield tag="700" ind1="1" ind2=" ">
      <subfield code="a">Dalen, C. van</subfield>
      <subfield code="q">(Cornelis),</subfield>
      <subfield code="d">ca. 1602-1665.</subfield>
      <subfield code="0">(NL-LeOCL)091689481</subfield>
    </datafield>
    <datafield tag="758" ind1=" " ind2=" ">
      <subfield code="a">Kunstkabinet, besluitende hondert der allerberoemste antique stantbeelden staende binnen Rome (Text)</subfield>
      <subfield code="1">https://id.oclc.org/worldcat/entity/E39PCGYcyP9VfhwCvyyh9hjQv3</subfield>
      <subfield code="4">https://id.oclc.org/worldcat/ontology/hasWork</subfield>
    </datafield>
    <datafield tag="776" ind1="0" ind2=" ">
      <subfield code="t">Kunstkabinet, besluitende hondert der allerberoemste antique stantbeelden staende binnen Rome</subfield>
      <subfield code="w">(NL-LeOCL)398733287</subfield>
    </datafield>
    <datafield tag="856" ind1="4" ind2="2">
      <subfield code="y">Short Title Catalogue, Netherlands</subfield>
      <subfield code="u">http://resolver.kb.nl/resolve?urn=STCN:192391100:record</subfield>
      <subfield code="z">zie de oorspronkelijke beschrijving bij de STCN voor mogelijk overige vindplaatsen</subfield>
      <subfield code="7">0</subfield>
    </datafield>
    <datafield tag="936" ind1=" " ind2=" ">
      <subfield code="a">BATCHLOAD</subfield>
    </datafield>
  </record>